[Event "CZE-chT2D 1314"]
[Site "Czech Republic"]
[Date "2014.02.16"]
[Round "8.5"]
[White "Vaculik, Jakub"]
[Black "Vacek, Martin"]
[Result "0-1"]
[WhiteElo "2026"]
[BlackElo "2231"]
[PlyCount "100"]
[EventDate "2013.11.03"]
[EventType "team-tourn"]
[EventRounds "11"]
[EventCountry "CZE"]
[SourceTitle "EXT 2016"]
[Source "ChessBase"]
[SourceDate "2015.10.08"]
[SourceVersion "1"]
[SourceVersionDate "2015.10.08"]
[SourceQuality "1"]
[WhiteTeam "Velke Losiny"]
[BlackTeam "Lipa"]
[WhiteTeamCountry "CZE"]
[BlackTeamCountry "CZE"]

1. d4 Nf6 2. Nf3 c5 3. c4 cxd4 4. Nxd4 g6 5. Nc3 d6 6. g3 Bg7 7. Bg2 0-0 8. e3 a6 9. 0-0 Ra7 10. b3 b6 11. Bb2 Bb7 12. Qe2 Bxg2 13. Kxg2 e6 14. Rfd1 Re8 15. Rd2 Qc8 16. Rad1 Rd7 17. Nf3 Red8 18. e4 Qb7 19. Nd4 Ne8 20. f3 Rc7 21. Qe3 Nd7 22. Ba3 Nc5 23. Nde2 Rdc8 24. Bxc5 Rxc5 25. a4 Be5 26. f4 Bg7 27. Kg1 R5c7 28. h3 Re7 29. Kh2 h5 30. Kg1 Rc5 31. Kh2 Rec7 32. Kg1 Bf8 33. Nc1 Rc8 34. Nd3 R5c7 35. Nc1 d5 36. Kh2 dxc4 37. bxc4 Rxc4 38. N1e2 Qc6 39. Rd3 Nd6 40. Nd4 Qc5 41. Nce2 e5 42. fxe5 Qxe5 43. Nc3 h4 44. Nd5 Qxg3+ 45. Qxg3 hxg3+ 46. Kxg3 Nxe4+ 47. Kf3 Nc5 48. Nxb6 Nxd3 49. Nxc8 Rxd4 50. Ke3 Rd8 0-1

[Event "CZE-chT2D 1314"]
[Site "Czech Republic"]
[Date "2013.11.03"]
[Round "1.5"]
[White "Vacek, Martin"]
[Black "Sykora, Josef"]
[Result "1/2-1/2"]
[WhiteElo "2231"]
[BlackElo "2096"]
[PlyCount "80"]
[EventDate "2013.11.03"]
[EventType "team-tourn"]
[EventRounds "11"]
[EventCountry "CZE"]
[SourceTitle "EXT 2016"]
[Source "ChessBase"]
[SourceDate "2015.10.08"]
[SourceVersion "1"]
[SourceVersionDate "2015.10.08"]
[SourceQuality "1"]
[WhiteTeam "Lipa"]
[BlackTeam "Pardubice AKIS"]
[WhiteTeamCountry "CZE"]
[BlackTeamCountry "CZE"]

1. d4 d5 2. c4 c6 3. Nf3 Nf6 4. Qc2 g6 5. e3 Bf5 6. Bd3 Bxd3 7. Qxd3 Bg7 8. 0-0 0-0 9. Nc3 Nbd7 10. e4 dxe4 11. Nxe4 Re8 12. Bg5 Qa5 13. Nxf6+ Nxf6 14. Rfe1 e6 15. Ne5 Nd7 16. Bd2 Nxe5 17. dxe5 Red8 18. Bxa5 Rxd3 19. Bc3 Rad8 20. Kf1 Bf8 21. Re3 Bc5 22. Rxd3 Rxd3 23. Ke2 Rd7 24. a4 a6 25. f3 Kf8 26. a5 Ke8 27. Rd1 Rxd1 28. Kxd1 Bg1 29. h3 c5 30. Ke2 Kd7 31. Kd3 Kc6 32. Ke4 Bf2 33. g4 Bh4 34. Ke3 Bg5+ 35. f4 Be7 36. Be1 Bd8 37. h4 f5 38. exf6 Bxf6 39. b3 h5 40. gxh5 gxh5 1/2-1/2

[Event "CZE-chT1W 1112"]
[Site "Czech Republic"]
[Date "2012.03.18"]
[Round "10.5"]
[White "Tuma, Jakub"]
[Black "Vacek, Martin"]
[Result "1-0"]
[WhiteElo "2288"]
[BlackElo "2259"]
[PlyCount "99"]
[EventDate "2011.10.02"]
[EventType "team-tourn"]
[EventRounds "11"]
[EventCountry "CZE"]
[SourceTitle "EXT 2013"]
[Source "ChessBase"]
[SourceDate "2012.11.22"]
[SourceVersion "1"]
[SourceVersionDate "2012.11.22"]
[SourceQuality "1"]
[WhiteTeam "Praha Holdia II"]
[BlackTeam "Hradec Kralove"]
[WhiteTeamCountry "CZE"]
[BlackTeamCountry "CZE"]

1. e4 d6 2. d4 Nf6 3. Nc3 c6 4. f4 g6 5. Nf3 Bg7 6. Bd3 0-0 7. 0-0 Na6 8. e5 Nd5 9. Nxd5 cxd5 10. c3 Nc7 11. Qe1 Bf5 12. Bxf5 gxf5 13. Qh4 f6 14. Kh1 Qd7 15. Bd2 a5 16. Rae1 Ra6 17. Qh3 dxe5 18. fxe5 fxe5 19. Nxe5 Qc8 20. Rf3 Ne8 21. Rg3 Qc7 22. Rf1 e6 23. Nd3 b6 24. Bh6 Ra7 25. Nf4 Qc6 26. Re1 Re7 27. Bxg7 Nxg7 28. Qh6 Rff7 29. h3 Qd6 30. Re5 Re8 31. Nxd5 Qf8 32. Rxe6 Rxe6 33. Qxe6 f4 34. Rg4 f3 35. gxf3 Kh8 36. Qe5 Rxf3 37. Nf4 Rf2 38. d5 Rxb2 39. Rg2 Rxg2 40. Kxg2 Kg8 41. d6 Qf7 42. a4 b5 43. axb5 a4 44. b6 a3 45. Qd5 Qxd5+ 46. Nxd5 a2 47. d7 Ne6 48. b7 a1Q 49. b8Q+ Kf7 50. d8Q 1-0

[Event "CZE-chT2D 1112"]
[Site "Czech Republic"]
[Date "2012.02.05"]
[Round "7"]
[White "Vacek, Martin"]
[Black "Buchnicek, Petr"]
[Result "0-1"]
[WhiteElo "2259"]
[BlackElo "2330"]
[PlyCount "108"]
[EventDate "2011.10.09"]
[EventType "team-tourn"]
[EventRounds "11"]
[EventCountry "CZE"]
[SourceTitle "EXT 2013"]
[Source "ChessBase"]
[SourceDate "2012.11.22"]
[SourceVersion "1"]
[SourceVersionDate "2012.11.22"]
[SourceQuality "1"]
[WhiteTeam "Hradec Kralove II"]
[BlackTeam "Trebic Caissa"]
[WhiteTeamCountry "CZE"]
[BlackTeamCountry "CZE"]

1. d4 d5 2. Nc3 Nf6 3. Bg5 Bf5 4. e3 Nbd7 5. Nge2 h6 6. Bxf6 Nxf6 7. Ng3 Bh7 8. Bd3 Bxd3 9. Qxd3 c6 10. 0-0-0 e6 11. Kb1 Be7 12. f3 0-0 13. e4 dxe4 14. fxe4 Qa5 15. Rhf1 Rad8 16. Nce2 c5 17. d5 exd5 18. e5 Ne4 19. Nxe4 dxe4 20. Qxe4 Rxd1+ 21. Rxd1 Rd8 22. Rxd8+ Bxd8 23. Nc3 Qa6 24. a4 Qc6 25. Qxc6 bxc6 26. Ne4 Bc7 27. Nxc5 Bxe5 28. h3 f5 29. c3 Kf7 30. Kc2 Bd6 31. Nb7 Bc7 32. Kd3 Ke6 33. Nc5+ Kd5 34. b4 g5 35. c4+ Ke5 36. Na6 Bd8 37. Nb8 Kd6 38. g4 f4 39. Ke4 a5 40. b5 cxb5 41. cxb5 Bb6 42. Nc6 Kc5 43. h4 Kc4 44. hxg5 hxg5 45. Ne7 Kb3 46. Nd5 Kxa4 47. Nxb6+ Kxb5 48. Nd5 Kc5 49. Nc3 Kc4 50. Nd5 a4 51. Nxf4 a3 52. Ne6 a2 53. Nxg5 a1Q 54. Nf3 Qa8+ 0-1

[Event "CZE-chT2D 1112"]
[Site "Czech Republic"]
[Date "2012.01.22"]
[Round "6.4"]
[White "Belobrad, Ivan"]
[Black "Vacek, Martin"]
[Result "0-1"]
[WhiteElo "2168"]
[BlackElo "2259"]
[PlyCount "80"]
[EventDate "2011.10.09"]
[EventType "team-tourn"]
[EventRounds "11"]
[EventCountry "CZE"]
[SourceTitle "EXT 2013"]
[Source "ChessBase"]
[SourceDate "2012.11.22"]
[SourceVersion "1"]
[SourceVersionDate "2012.11.22"]
[SourceQuality "1"]
[WhiteTeam "Vysoke Myto"]
[BlackTeam "Hradec Kralove II"]
[WhiteTeamCountry "CZE"]
[BlackTeamCountry "CZE"]

1. e4 c5 2. Nf3 e6 3. d4 cxd4 4. Nxd4 a6 5. Nc3 Qc7 6. g3 Nf6 7. Bg2 d6 8. 0-0 Be7 9. a4 Nc6 10. Nde2 0-0 11. h3 Rd8 12. g4 d5 13. exd5 Nb4 14. Bf4 Qc5 15. Be3 Qa5 16. Qc1 Nfxd5 17. Nxd5 Nxd5 18. Bd4 Bd7 19. c4 Rac8 20. b3 Nf6 21. Qe3 Bc5 22. Bxc5 Rxc5 23. Bxb7 Re5 24. Qc3 Qc7 25. Ng3 h5 26. f4 Qc5+ 27. Kg2 Re3 28. Qc2 h4 29. Nh1 Bc6+ 30. Bxc6 Qxc6+ 31. Kh2 Rdd3 32. Nf2 Qf3 33. Rae1 Qxf4+ 34. Kh1 Qf3+ 35. Kg1 Qg3+ 36. Kh1 Rxb3 37. Rxe3 Rxe3 38. Rd1 g6 39. Qb2 e5 40. Qb4 Qxf2 0-1

[Event "CZE-chT1W 1011"]
[Site "Czech Republic"]
[Date "2011.02.27"]
[Round "9.5"]
[White "Vacek, Martin"]
[Black "Erneker, Josef"]
[Result "0-1"]
[WhiteElo "2305"]
[BlackElo "2306"]
[PlyCount "80"]
[EventDate "2010.10.10"]
[EventType "team-tourn"]
[EventRounds "11"]
[EventCountry "CZE"]
[SourceTitle "EXT 2012"]
[Source "ChessBase"]
[SourceDate "2011.11.24"]
[SourceVersion "1"]
[SourceVersionDate "2011.11.24"]
[SourceQuality "1"]
[WhiteTeam "Hradec Kralove"]
[BlackTeam "Praha Bohemians"]
[WhiteTeamCountry "CZE"]
[BlackTeamCountry "CZE"]

1. d4 d5 2. c4 c6 3. Nf3 Nf6 4. Nc3 e6 5. e3 Nbd7 6. Qc2 Bd6 7. Bd2 0-0 8. Bd3 dxc4 9. Bxc4 e5 10. dxe5 Nxe5 11. Nxe5 Bxe5 12. 0-0-0 Qe7 13. Bd3 Rd8 14. e4 Ng4 15. Be1 Bd4 16. h3 Ne5 17. Be2 Qg5+ 18. Bd2 Qxg2 19. f4 Nf3 20. Bxf3 Qxf3 21. f5 b6 22. Kb1 Ba6 23. Ka1 Bd3 24. Qc1 f6 25. h4 h5 26. Rhe1 Bf2 27. e5 Bxe1 28. Rxe1 fxe5 29. f6 gxf6 30. Bg5 Kh7 31. Re3 Qf1 32. Re1 Qf5 33. Be3 Rg8 34. Nd1 Qf3 35. Nf2 Rad8 36. Qc3 Bf5 37. a3 Rg3 38. Qb4 c5 39. Qc4 Rd7 40. Qb5 Rg2 0-1

[Event "CZE-chT1W 1011"]
[Site "Czech Republic"]
[Date "2010.11.28"]
[Round "4.5"]
[White "Oresky, Jan"]
[Black "Vacek, Martin"]
[Result "1/2-1/2"]
[WhiteElo "2213"]
[BlackElo "2305"]
[PlyCount "189"]
[EventDate "2010.10.10"]
[EventType "team-tourn"]
[EventRounds "11"]
[EventCountry "CZE"]
[SourceTitle "EXT 2012"]
[Source "ChessBase"]
[SourceDate "2011.11.24"]
[SourceVersion "1"]
[SourceVersionDate "2011.11.24"]
[SourceQuality "1"]
[WhiteTeam "Novoborsky II"]
[BlackTeam "Hradec Kralove"]
[WhiteTeamCountry "CZE"]
[BlackTeamCountry "CZE"]

1. e4 c5 2. Nf3 e6 3. d4 cxd4 4. Nxd4 Nf6 5. Nc3 d6 6. Be3 Nc6 7. Bc4 Be7 8. Bb3 Na5 9. Qe2 Nxb3 10. cxb3 0-0 11. 0-0-0 e5 12. Nc2 Be6 13. Kb1 Qd7 14. f3 d5 15. exd5 Nxd5 16. Rxd5 Bxd5 17. Rd1 Rfc8 18. Nxd5 Qe6 19. Nc3 Bf8 20. Bf2 Rd8 21. g4 a6 22. Bg3 Rxd1+ 23. Qxd1 f6 24. Qe2 Qd7 25. Ne3 Rd8 26. Ned5 Kh8 27. a3 Bc5 28. Ka2 Bd4 29. Qe4 Qe6 30. h4 g6 31. Nf4 Qc6 32. Qxc6 bxc6 33. Ne6 Re8 34. Nxd4 exd4 35. Ne4 d3 36. Be1 Re6 37. Bc3 Kg8 38. b4 f5 39. gxf5 gxf5 40. Nc5 Re3 41. Kb3 Rxf3 42. Kc4 Rf4+ 43. Kxd3 Rxh4 44. Ke3 Kf7 45. Nxa6 Ke6 46. Nc5+ Kd5 47. Bf6 Rh1 48. b3 h5 49. a4 Re1+ 50. Kf2 Re8 51. a5 Kd6 52. Kf3 Kc7 53. Kf4 Kb8 54. Kxf5 Rg8 55. Ke6 Rg6 56. Kf5 Rg4 57. Be5+ Ka7 58. Bf4 Rg8 59. Ke6 h4 60. Kd7 Rf8 61. Bd6 h3 62. Kxc6 Rf6 63. Ne4 h2 64. Nxf6 h1Q+ 65. Nd5 Qc1+ 66. Bc5+ Kb8 67. b5 Qe1 68. Bd6+ Ka7 69. b4 Qe8+ 70. Kc5 Qc8+ 71. Nc7 Qf5+ 72. Kc6 Qe4+ 73. Nd5 Qe8+ 74. Kc5 Qc8+ 75. Bc7 Qf8+ 76. Kc4 Qf1+ 77. Kc5 Qf8+ 78. Bd6 Qc8+ 79. Kd4 Qg4+ 80. Bf4 Qe2 81. Kc5 Qc2+ 82. Kd6 Qg6+ 83. Kc5 Qc2+ 84. Kd4 Qe2 85. Nc3 Qb2 86. Kc4 Qf2 87. b6+ Ka6 88. Bc7 Qf7+ 89. Kd3 Qf5+ 90. Kd2 Qf2+ 91. Kc1 Qe1+ 92. Kb2 Qe7 93. Kb3 Qd7 94. Kb2 Qd4 95. Kb3 1/2-1/2

[Event "CZE-chT1W 1011"]
[Site "Czech Republic"]
[Date "2010.10.10"]
[Round "1.4"]
[White "Vacek, Martin"]
[Black "Rehorek, Martin"]
[Result "1-0"]
[WhiteElo "2305"]
[BlackElo "2280"]
[PlyCount "109"]
[EventDate "2010.10.10"]
[EventType "team-tourn"]
[EventRounds "11"]
[EventCountry "CZE"]
[SourceTitle "EXT 2012"]
[Source "ChessBase"]
[SourceDate "2011.11.24"]
[SourceVersion "1"]
[SourceVersionDate "2011.11.24"]
[SourceQuality "1"]
[WhiteTeam "Hradec Kralove"]
[BlackTeam "Postovni Sporitelna"]
[WhiteTeamCountry "CZE"]
[BlackTeamCountry "CZE"]

1. d4 Nf6 2. c4 g6 3. Nf3 Bg7 4. Nc3 d5 5. cxd5 Nxd5 6. Bd2 Nb6 7. e4 0-0 8. Be3 Bg4 9. Be2 c6 10. Qd3 Na6 11. a3 Rc8 12. 0-0 c5 13. d5 c4 14. Qc2 Nc5 15. Rad1 Qe8 16. Bxc5 Rxc5 17. Nd4 e5 18. Nf3 Bd7 19. Qd2 Nc8 20. Qe3 b6 21. d6 f5 22. a4 f4 23. Qc1 Rf6 24. Nd5 Rxd6 25. Bxc4 Kh8 26. b3 h6 27. Rd3 b5 28. axb5 Bxb5 29. Nd2 Rd8 30. Qd1 Nd6 31. Bxb5 Nxb5 32. Nf3 Rdc8 33. h3 g5 34. Qa1 Qe6 35. Rfd1 a5 36. Qa4 Nd4 37. Nxd4 exd4 38. f3 Kh7 39. R3d2 Be5 40. Qa2 Kg7 41. Qa4 h5 42. Rxd4 Bxd4+ 43. Qxd4+ Kh6 44. h4 gxh4 45. Nxf4 Qf7 46. Qe3 Rc3 47. Nd3+ Kh7 48. Qd4 h3 49. e5 Rc2 50. Nf4 Rf8 51. Qd3+ Qf5 52. Nxh3 Rc5 53. Ng5+ Kh8 54. Qxf5 Rxf5 55. Rd8+ 1-0

[Event "CZE-chT2C 0910"]
[Site "Czech Republic"]
[Date "2010.02.28"]
[Round "8.2"]
[White "Vacek, Martin"]
[Black "Vaculik, Martin"]
[Result "1/2-1/2"]
[WhiteElo "2323"]
[BlackElo "2299"]
[PlyCount "97"]
[EventDate "2009.10.18"]
[EventType "team-tourn"]
[EventRounds "11"]
[EventCountry "CZE"]
[SourceTitle "EXT 2011"]
[Source "ChessBase"]
[SourceDate "2010.11.26"]
[SourceVersion "1"]
[SourceVersionDate "2010.11.26"]
[SourceQuality "1"]
[WhiteTeam "Hradec Kralove II"]
[BlackTeam "Turnov Zikuda II"]
[WhiteTeamCountry "CZE"]
[BlackTeamCountry "CZE"]

1. e4 e6 2. d4 d5 3. Nc3 Bb4 4. Nge2 Nc6 5. Qd3 Nf6 6. e5 Ne4 7. a3 Nxc3 8. Nxc3 Be7 9. Qg3 g6 10. Be3 a6 11. Bd3 b5 12. 0-0 b4 13. Ne2 bxa3 14. bxa3 Na5 15. Bh6 c5 16. dxc5 Bxc5 17. Bg7 Rg8 18. Bf6 Be7 19. Qh4 Bxf6 20. exf6 h5 21. Qg5 Bb7 22. Nf4 Qc7 23. Nxh5 0-0-0 24. Ng3 e5 25. Rab1 Rge8 26. Rb4 Rd6 27. Rfb1 e4 28. Be2 Kb8 29. c4 dxc4 30. Ra4 Re5 31. Qf4 Rb5 32. Rf1 Rd4 33. Qe3 Qe5 34. Rc1 Qxf6 35. Nf1 Bd5 36. Qg3+ Kb7 37. Ne3 Qb6 38. Qe5 Be6 39. Qg7 Rd2 40. Bf1 Ka7 41. Qf6 Rd4 42. h3 Rd7 43. Qf4 f5 44. Nxc4 Nxc4 45. Bxc4 Bxc4 46. Raxc4 Rb1 47. Rxb1 Qxb1+ 48. Kh2 Qb6 49. a4 1/2-1/2

[Event "CZE-chT1W 0910"]
[Site "Czech Republic"]
[Date "2010.01.24"]
[Round "7.5"]
[White "Vacek, Martin"]
[Black "Kohout, Vratislav"]
[Result "1-0"]
[WhiteElo "2323"]
[BlackElo "2197"]
[PlyCount "119"]
[EventDate "2009.10.11"]
[EventType "team-tourn"]
[EventRounds "11"]
[EventCountry "CZE"]
[SourceTitle "EXT 2011"]
[Source "ChessBase"]
[SourceDate "2010.11.26"]
[SourceVersion "1"]
[SourceVersionDate "2010.11.26"]
[SourceQuality "1"]
[WhiteTeam "Hradec Kralove"]
[BlackTeam "Vrsovice"]
[WhiteTeamCountry "CZE"]
[BlackTeamCountry "CZE"]

1. e4 e6 2. d4 d5 3. Nd2 Nc6 4. Ngf3 Nf6 5. e5 Nd7 6. Nb3 a5 7. a4 b6 8. c3 Ncb8 9. Be2 Ba6 10. 0-0 c5 11. Be3 Be7 12. Nc1 0-0 13. Nd3 Nc6 14. Nfe1 c4 15. Nf4 b5 16. axb5 Bxb5 17. Qd2 a4 18. Nc2 Na5 19. Ra2 Nb3 20. Qd1 Qb6 21. Bg4 f5 22. exf6 Rxf6 23. Re1 Nf8 24. g3 g5 25. Nh5 Rf7 26. Nb4 Bd7 27. Nc2 Ng6 28. Qe2 Raf8 29. Rf1 Qd8 30. f4 Bd6 31. Ne1 e5 32. dxe5 Bxe5 33. Ng2 Qc8 34. Bf3 Bc6 35. Bg4 Bd7 36. h3 Bd6 37. Rxa4 Qe8 38. Bxd7 Qxd7 39. Ra6 Nc5 40. Bxc5 Bxc5+ 41. Kh2 gxf4 42. Nhxf4 Nxf4 43. Nxf4 Bd6 44. Qh5 d4 45. cxd4 Bxf4 46. gxf4 Qxd4 47. Rg1+ Kh8 48. Qe5+ Qxe5 49. fxe5 Rf2+ 50. Rg2 Rxg2+ 51. Kxg2 Rb8 52. Kf3 Rxb2 53. Ke4 Re2+ 54. Kf5 c3 55. h4 c2 56. Rc6 Kg7 57. h5 Rf2+ 58. Ke6 Rd2 59. Ke7 Re2 60. h6+ 1-0

[Event "CZE-chT2C 0910"]
[Site "Czech Republic"]
[Date "2009.12.06"]
[Round "4.2"]
[White "Bednar, Marcel"]
[Black "Vacek, Martin"]
[Result "1-0"]
[WhiteElo "2159"]
[BlackElo "2323"]
[PlyCount "121"]
[EventDate "2009.10.18"]
[EventType "team-tourn"]
[EventRounds "11"]
[EventCountry "CZE"]
[SourceTitle "EXT 2011"]
[Source "ChessBase"]
[SourceDate "2010.11.26"]
[SourceVersion "1"]
[SourceVersionDate "2010.11.26"]
[SourceQuality "1"]
[WhiteTeam "Liberec"]
[BlackTeam "Hradec Kralove II"]
[WhiteTeamCountry "CZE"]
[BlackTeamCountry "CZE"]

1. d4 Nf6 2. Nf3 e6 3. c4 c5 4. d5 d6 5. Nc3 exd5 6. cxd5 g6 7. g3 Bg7 8. Bg2 0-0 9. 0-0 Re8 10. Bf4 a6 11. a4 Ne4 12. Nxe4 Rxe4 13. Ra2 Qe7 14. b3 Bg4 15. h3 Bxf3 16. Bxf3 Rd4 17. Qc2 a5 18. Be3 Na6 19. Qb1 Nb4 20. Bxd4 Bxd4 21. Rd2 Re8 22. Kg2 Qg5 23. Qc1 h5 24. e3 Be5 25. Qc4 Qf6 26. Qb5 Qe7 27. Rc1 h4 28. g4 Ra8 29. Rc4 Qc7 30. Be4 Bg7 31. Bb1 Bf6 32. f4 b6 33. g5 Ba1 34. Re4 Qd8 35. Kf3 Qc8 36. Kg2 Qd8 37. Qe2 Qd7 38. Qg4 Qb7 39. Qf3 Rf8 40. Kf2 b5 41. f5 bxa4 42. f6 Bc3 43. Rd1 Nxd5 44. Re7 Qxb3 45. Qxd5 Qb2+ 46. Kf1 Qb3 47. Qxb3 axb3 48. Rxd6 Bb4 49. Rc6 a4 50. Ke2 a3 51. Ra7 Rd8 52. Rcc7 a2 53. Bxa2 bxa2 54. Rxa2 Re8 55. Re7 Rf8 56. Rc7 Re8 57. Raa7 Rf8 58. Kd3 Be1 59. Rxc5 Bg3 60. Rd5 Re8 61. Rda5 1-0

[Event "CZE-chT1W 0910"]
[Site "Czech Republic"]
[Date "2009.11.29"]
[Round "4.4"]
[White "Vacek, Martin"]
[Black "Tichy, Vladimir"]
[Result "1-0"]
[WhiteElo "2323"]
[BlackElo "2260"]
[PlyCount "95"]
[EventDate "2009.10.11"]
[EventType "team-tourn"]
[EventRounds "11"]
[EventCountry "CZE"]
[SourceTitle "EXT 2011"]
[Source "ChessBase"]
[SourceDate "2010.11.26"]
[SourceVersion "1"]
[SourceVersionDate "2010.11.26"]
[SourceQuality "1"]
[WhiteTeam "Hradec Kralove"]
[BlackTeam "Vysehrad"]
[WhiteTeamCountry "CZE"]
[BlackTeamCountry "CZE"]

1. e4 e5 2. Nf3 Nf6 3. Nxe5 d6 4. Nf3 Nxe4 5. Nc3 Nf6 6. d4 d5 7. Bd3 Bg4 8. h3 Bh5 9. g4 Bg6 10. Ne5 Bb4 11. Nxg6 hxg6 12. Qe2+ Qe7 13. Qxe7+ Kxe7 14. f3 c6 15. Bd2 Bd6 16. 0-0-0 Nbd7 17. f4 Rae8 18. f5 gxf5 19. Bxf5 g6 20. Bd3 Kf8 21. Rdg1 Kg7 22. h4 Ne4 23. Nxe4 dxe4 24. Be2 Nf6 25. c4 e3 26. Be1 Ne4 27. Rg2 Bf4 28. Kc2 Rd8 29. Rf1 g5 30. hxg5 Bxg5 31. Rf5 f6 32. Bc3 Kf7 33. c5 Ke7 34. Kd3 Nxc3 35. bxc3 Rh1 36. Rf1 Rdh8 37. Rgg1 R1h2 38. Rb1 Rb8 39. Rh1 Rxh1 40. Rxh1 b6 41. Rh7+ Ke6 42. Ke4 bxc5 43. dxc5 f5+ 44. gxf5+ Kf6 45. Bh5 Rf8 46. Rc7 Re8+ 47. Bxe8 e2 48. Rf7# 1-0

[Event "CZE-chT2C 0910"]
[Site "Czech Republic"]
[Date "2009.11.22"]
[Round "3.2"]
[White "Vacek, Martin"]
[Black "Voloshin, Leonid"]
[Result "1/2-1/2"]
[WhiteElo "2323"]
[BlackElo "2454"]
[PlyCount "49"]
[EventDate "2009.10.18"]
[EventType "team-tourn"]
[EventRounds "11"]
[EventCountry "CZE"]
[SourceTitle "EXT 2011"]
[Source "ChessBase"]
[SourceDate "2010.11.26"]
[SourceVersion "1"]
[SourceVersionDate "2010.11.26"]
[SourceQuality "1"]
[WhiteTeam "Hradec Kralove II"]
[BlackTeam "Jicin"]
[WhiteTeamCountry "CZE"]
[BlackTeamCountry "CZE"]

1. e4 e5 2. Nf3 Nc6 3. Bb5 a6 4. Ba4 Nf6 5. 0-0 Be7 6. Re1 b5 7. Bb3 0-0 8. d4 d6 9. c3 Bg4 10. d5 Na5 11. Bc2 c6 12. dxc6 Qc7 13. h3 Be6 14. Nbd2 h6 15. Nf1 Rad8 16. Ne3 Qxc6 17. Nh4 g6 18. Qf3 Kh7 19. Rd1 Nc4 20. Nd5 Ng8 21. Nxe7 Nxe7 22. b3 Nb6 23. Qe3 g5 24. Nf3 Ng6 25. Ba3 1/2-1/2

[Event "CZE-chT1W 0910"]
[Site "Czech Republic"]
[Date "2009.10.11"]
[Round "1.5"]
[White "Jedlicka, Ales"]
[Black "Vacek, Martin"]
[Result "1-0"]
[WhiteElo "2301"]
[BlackElo "2323"]
[PlyCount "133"]
[EventDate "2009.10.11"]
[EventType "team-tourn"]
[EventRounds "11"]
[EventCountry "CZE"]
[SourceTitle "EXT 2011"]
[Source "ChessBase"]
[SourceDate "2010.11.26"]
[SourceVersion "1"]
[SourceVersionDate "2010.11.26"]
[SourceQuality "1"]
[WhiteTeam "Chrudim"]
[BlackTeam "Hradec Kralove"]
[WhiteTeamCountry "CZE"]
[BlackTeamCountry "CZE"]

1. d4 d5 2. Nf3 Nf6 3. c4 c6 4. Nc3 dxc4 5. a4 Bf5 6. e3 e6 7. Bxc4 Nbd7 8. 0-0 Bb4 9. Nh4 Bg6 10. Qb3 Bd6 11. g3 Qb6 12. Nxg6 hxg6 13. e4 Qxb3 14. Bxb3 e5 15. dxe5 Nxe5 16. f4 Bc5+ 17. Kg2 Nd3 18. e5 Ng4 19. h4 Be3 20. Bd1 Bxc1 21. Bxg4 Bxb2 22. Rad1 Nc5 23. Ne2 Rd8 24. Rxd8+ Kxd8 25. Rb1 Ba3 26. Nd4 a5 27. Nxc6+ Kc7 28. Nxa5 Ra8 29. Rb5 b6 30. Nc4 Rxa4 31. Nxb6 Ra7 32. Bf3 Ne6 33. Nd5+ Kd7 34. Nb6+ Kc7 35. Nc4 Be7 36. Rb2 Bc5 37. Bd5 Kd7 38. Nd2 Ke7 39. Ne4 Bd4 40. Rc2 Rc7 41. Ra2 Nc5 42. Nd6 f6 43. Nb5 Rd7 44. Bc6 Rd8 45. Ra7+ Kf8 46. Nxd4 Rxd4 47. Ra8+ Ke7 48. exf6+ gxf6 49. Be8 f5 50. Bxg6 Kf6 51. h5 Rd2+ 52. Kh3 Ne6 53. Ra7 Nd4 54. Ra6+ Ne6 55. h6 Rd1 56. Be8 Rd8 57. Bh5 Rd7 58. g4 Ke7 59. h7 Rd8 60. Ra7+ Kd6 61. gxf5 Nxf4+ 62. Kg4 Nd5 63. Kg5 Ne7 64. f6 Nc6 65. Ra6 Kc5 66. Bf7 Rh8 67. Kh6 1-0

[Event "CZE-chT1W 0809"]
[Site "Czech Republic"]
[Date "2009.03.29"]
[Round "11.3"]
[White "Vacek, Martin"]
[Black "Kucera, Petr"]
[Result "0-1"]
[WhiteElo "2308"]
[BlackElo "2305"]
[PlyCount "104"]
[EventDate "2008.10.19"]
[EventType "team-tourn"]
[EventRounds "11"]
[EventCountry "CZE"]
[SourceTitle "EXT 2010"]
[Source "ChessBase"]
[SourceDate "2010.11.25"]
[SourceVersion "1"]
[SourceVersionDate "2010.11.25"]
[SourceQuality "1"]
[WhiteTeam "Hradec Kralove"]
[BlackTeam "Novoborsky II"]
[WhiteTeamCountry "CZE"]
[BlackTeamCountry "CZE"]

1. d4 c5 2. e4 cxd4 3. c3 d3 4. Bxd3 Nc6 5. Nf3 d6 6. 0-0 g6 7. Re1 Bg7 8. h3 Nf6 9. Bf4 Nd7 10. Nbd2 Nde5 11. Be2 0-0 12. Nf1 Nxf3+ 13. Bxf3 Ne5 14. Be2 Be6 15. Ne3 Rc8 16. Qd2 Nc4 17. Bxc4 Bxc4 18. Nd5 Re8 19. Bg5 Qd7 20. a4 Bxd5 21. exd5 Rc4 22. a5 a6 23. Be3 Rec8 24. Bb6 Be5 25. Qd3 Qb5 26. Qd2 Qd7 27. Rad1 Qf5 28. Qe2 h5 29. Qd3 Qxd3 30. Rxd3 Ra4 31. Rde3 Ra2 32. R3e2 Rc4 33. g3 h4 34. g4 f6 35. Re4 Rxe4 36. Rxe4 Rxb2 37. f4 Bxc3 38. Rxe7 Rb5 39. Kg2 Rxd5 40. Rxb7 Bxa5 41. Bf2 Bc3 42. Bxh4 a5 43. Bf2 a4 44. Rc7 Bb2 45. Ra7 a3 46. h4 Rb5 47. Kf3 d5 48. f5 Rb3+ 49. Ke2 gxf5 50. gxf5 Be5 51. Be3 Rb2+ 52. Kf3 a2 0-1

[Event "CZE-chT1W 0809"]
[Site "Czech Republic"]
[Date "2009.03.15"]
[Round "10.2"]
[White "Vacek, Martin"]
[Black "Spacek, Petr"]
[Result "0-1"]
[WhiteElo "2308"]
[BlackElo "2423"]
[PlyCount "92"]
[EventDate "2008.10.19"]
[EventType "team-tourn"]
[EventRounds "11"]
[EventCountry "CZE"]
[SourceTitle "EXT 2010"]
[Source "ChessBase"]
[SourceDate "2010.11.25"]
[SourceVersion "1"]
[SourceVersionDate "2010.11.25"]
[SourceQuality "1"]
[WhiteTeam "Hradec Kralove"]
[BlackTeam "Lysa nad Labem"]
[WhiteTeamCountry "CZE"]
[BlackTeamCountry "CZE"]

1. Nf3 Nf6 2. d4 d6 3. c4 Nbd7 4. Nc3 e5 5. e4 Be7 6. Be2 c6 7. 0-0 0-0 8. Re1 a6 9. Bf1 Re8 10. Rb1 b5 11. a3 Bb7 12. b4 Qc7 13. Bb2 Bf8 14. Rc1 exd4 15. Nxd4 c5 16. Nf5 cxb4 17. Nd5 Bxd5 18. cxd5 Qb7 19. axb4 Rac8 20. f3 g6 21. Nd4 Rxc1 22. Qxc1 Bg7 23. Qc6 Qa7 24. Kh1 Nh5 25. Rd1 Rd8 26. Qxd6 Bf8 27. Nc6 Bxd6 28. Nxa7 Nb8 29. Bc3 f6 30. g4 Ng7 31. Bxf6 Rf8 32. g5 Bxb4 33. Bh3 h6 34. d6 hxg5 35. e5 Ba5 36. Bxg5 Kf7 37. Rc1 Ne6 38. Bf6 Nd7 39. Be7 Rh8 40. Bxe6+ Kxe6 41. f4 Bd2 42. Ra1 Bxf4 43. Rxa6 Rxh2+ 44. Kg1 Nxe5 45. Ra3 Rb2 46. Nc8 g5 0-1